000 01160cam a2200241 4500
001 WB3941-15
008 031029n2003 000 0 eng u
035 _a(Sirsi) u124157
245 _aNew deal for communities: annual report 2002/03
260 _c2003
490 _aRICS Environment Faculty News
_v 27 October 2003 (1)
520 _aNew Deal for Communities (NDC) is a key part of government's National Strategy for Neighbourhood Renewal. NDC aims to offer practical solutions for reducing housing poverty. Targeted in 39 of the UK's most deprived regions, the NDC will provide £50m investment in each community to reduce crime, and unemployment and improve housing and the physical environment. http://www.rics.org/ricscms/bin/show?class=News&template=/includes/shownews.html&id=7384&faculty=Environment&faculty=All Faculties.
590 _aWB
650 _aNEIGHBOURHOOD REGENERATION
650 _aDEPRIVED AREAS
650 _aPHYSICAL ENVIRONMENT
650 _aNEW DEAL FOR COMMUNITIES
650 _aNATIONAL STRATEGY FOR NEIGHBOURHOOD RENEWAL
650 _aANNUAL REPORTS
650 _aFUNDING
690 _aREGENERATION
942 _n0
999 _c73693
_d73693